00835nam a22002417a 450000500170000001000130001702000220003003500130005203700160006504000120008108200130009310000130010624500780011926000560019727000630025330000250031665000220034165000340036370000300039794200220042799900190044995201250046820170124110222.0 aA-943575 c00.00a8170750555 aA-943575 bCen Lib/Ret aDPLbEN a658bMAN a 939997 aManagement :cedited by Vinayshil Gautam bkeeping the competitive edge / aNew Delhi bHindustan Publishing Corporation c1998 bNew Delhi a4805/24, bharat ram road, dariya ganj e110002 axii, 224p.c21cm(Hb) aManagement 93072 aStrategic development 939998 aGautam, Vinayshil 922170 2ddccENh658mMAN c134175d134175 001040718REFaLbLd2015-07-29eCen Lib/Retg0.00l0o658 MANpA-943575r2015-07-29 00:00:00t1v0.00w2015-07-29yEN